| 000 | 01775nas a2200277Ia 4500 | ||
|---|---|---|---|
| 001 | R620-R8600 | ||
| 003 | IT-CnALBA | ||
| 008 | 170116c99999999xx |||||||||||| ||und|| | ||
| 040 |
_aIT-CnALBA _cIT-CnALBA |
||
| 041 | _aITALIANO | ||
| 100 | _aDALMASO CESARE | ||
| 210 | _aSELEZIONE TECNICA RADIO-TV | ||
| 222 | _aSELEZIONE TECNICA RADIO-TV | ||
| 245 | 0 | _aSELEZIONE TECNICA RADIO-TV. GIUGNO 1961. | |
| 250 | _a1a ed. | ||
| 260 |
_a S. DONATO MILANESE _bSTIEM ED. _c1961 [1° Ed.:1961 - Ed.Ling.Originale: 1961] |
||
| 300 | _a136 p. | ||
| 310 | _aBIMESTRALE | ||
| 362 | _aFascicolo: 6 / (1961) | ||
| 500 | _aPREAMPLIFICATORE E AMPLIFICATORE A TRANSISTOR. IL TUBOFONO DEI MARZAZI. AMPLIFICATORE DIFETTOSO. FILTRI BIFONICI. APPUNTAMENTO CON IL DILETTANTE. ANTENNE RICEVENTI PER TELEVISIONE. QUIZ TECNICI. IL SECOLO DELL'ELETTRONICA. TEORIA E PRATICA DEL DISCRIMINATORE A RAPPORTO. I DODICI ZENER. PRODUZIONE G. B. C. 1962. IMPIEGO DI UN OC 26. RADIORICEVITORI AD 1 O 2 TRANSISTOR. MAPPA ELETTRONICA. G. B. C. TELETRASMITTENTE. VIDEO RISATE. CONVERTITORE AUTOSCILLANTE PER OM. | ||
| 501 | _aSocietà San Paolo EM - Piazza San Paolo, 14 - 12051 ALBA (CN) (non commercial uses only) ® Copyright 2017 | ||
| 520 | _aPREAMPLIFICATORE E AMPLIFICATORE A TRANSISTOR. IL TUBOFONO DEI MARZAZI. AMPLIFICATORE DIFETTOSO. FILTRI BIFONICI. APPUNTAMENTO CON IL DILETTANTE. ANTENNE RICEVENTI PER TELEVISIONE. QUIZ TECNICI. IL SECOLO DELL'ELETTRONICA. TEORIA E PRATICA DEL DISCRIMINATORE A RAPPORTO. I DODICI ZENER. PRODUZIONE G. B. C. 1962. IMPIEGO DI UN OC 26. RADIORICEVITORI AD 1 O 2 TRANSISTOR. MAPPA ELETTRONICA. G. B. C. TELETRASMITTENTE. VIDEO RISATE. CONVERTITORE AUTOSCILLANTE PER OM. | ||
| 650 | _aINGEGNERIA E ATTIVITÀ COLLEGATE | ||
| 942 | _cCR | ||
| 957 | _71 | ||
| 999 |
_a60167 _bNO _g1 _c327194 _d327194 |
||